Guess These Random Countries Flags 4# - Statistics

General Stats
  • This quiz has been taken 55 times
  • The average score is 12 of 16
Answer Stats
Picture Answer % Correct
Sweden
98%
Iran
96%
Russia
96%
Singapore
94%
Lebanon
90%
Malta
86%
Dominican Republic
82%
Kazakhstan
82%
Latvia
80%
Honduras
78%
Armenia
74%
Kyrgyzstan
68%
Djibouti
62%
Rwanda
54%
Equatorial Guinea
52%
Saint Kitts and Nevis
48%
No matching quizzes found
Score Distribution
Percent of People with Each Score
Percentile by Number Answered
Your Score History
You have not taken this quiz